Penilaian pembaziran hasil dari pembalakan hutan jenis-jenis meranti - keruing

Bibliographic Details
Main Author: MOHD Yunus bin Zakaria
Format: Book
Published: Serdang, Selangor : Universiti Pertanian Malaysia , 1982
Subjects:

MARC

LEADER 00000cam a2200000 7i4500
001 0000001298
005 20140406.0
090 0 0 |a R THE634.98   |b MOH 1982 
100 0 0 |a MOHD Yunus bin Zakaria 
245 1 0 |a Penilaian pembaziran hasil dari pembalakan hutan jenis-jenis meranti - keruing   |c Mohd Yunus bin Zakaria 
260 0 0 |a Serdang, Selangor :   |b Universiti Pertanian Malaysia ,   |c 1982 
300 |a x, 144 p. :   |b ill. ;   |c 28 cm. 
500 0 0 |a Bachelor of Science (Forestry), 1982 
500 0 0 |a Bibliography : [p. 93-96] 
650 0 0 |a Logging 
998 |a JPSM 
999 |a 0000002099   |b Monograph   |c Thesis   |e Default branch